| 000 | 00576pab a2200205 454500 | ||
|---|---|---|---|
| 008 | 180718b2013 xxu||||| |||| 00| 0 eng d | ||
| 100 | _aHasan, Sharique | ||
| 245 | _aThe Mechanics of Social capital and academic performance in an Indian college | ||
| 260 | _c2013 | ||
| 300 | _ap.1009-1032. | ||
| 362 | _aDec | ||
| 650 | _aSocial capital - India | ||
| 650 | _aHigher education - India | ||
| 650 | _aUniversities - India | ||
| 650 | _aSocial capital | ||
| 700 | _aBagde, Surendrakumar | ||
| 773 | _aAmerican Sociologocal Review | ||
| 908 | _aN | ||
| 909 | _a104077 | ||
| 999 |
_c104073 _d104073 |
||